| 000 | 00566nam a22001932 4500 | ||
|---|---|---|---|
| 001 | 0000011691 | ||
| 005 | 20151217155845.0 | ||
| 008 | 081222s xx 000 0 eng d | ||
| 040 |
_aKABU _cKABU |
||
| 100 | 1 |
_aHill, Richard. _@0000167663 |
|
| 245 | 1 | 2 |
_aA Biographical dictionary of the Sudan / _cRichard Hill. |
| 250 | _a2nd ed. | ||
| 260 |
_aLondon : _bFrank Cass, _c1967. |
||
| 300 | _axvi, 409 p. | ||
| 651 | 0 |
_aSudan _xBiographies. _@0000167664 |
|
| 852 | 1 | _9p500 KES | |
| 908 | _a081222 | ||
| 950 | _@1 | ||
| 999 |
_c13334 _d13334 |
||